000 00583cas a22002055a 4500
001 L139654
008 070802d19681985xxkar p 0 a0eng u
022 1 _a0033-1295
035 _a(Sirsi) u139654
041 0 _aeng
245 0 0 _aProperty and Compensation Reports
260 _aLondon
_bSweet and Maxwell
_c1968-1985
362 0 _a19 1968-50 1985
554 _aAnnual
651 4 _aEngland and Wales
_y1543-
690 _aPROPERTY AND LAND LAW
780 0 0 _tPlanning and Compensation Reports
785 0 0 _tProperty Planning and Compensation Reports
_x0033-1295
942 _n0
999 _c119102
_d119102